000 01077nam a22003377a 4500
003 CHAP
005 20220817044444.0
008 110609s2000 mx r 00110 spa d
010 _a101449
011 _a102421
020 _a9681104595
035 _a113109
040 _cCHAP
092 0 _a320.510972
_bC13
100 1 _aCalva, José Luis.
_917596
245 1 0 _aMéxico más allá del neoliberalismo :
_bopciones dentro del cambio global
_c/por José Luis Calva
260 _aMéxico D. F. :
_bPlaza y Janés,
_c2000
300 _a308 h. :
_bilus.
590 _aBATCH-UPD
_b10
_c20130110
_lUCH01
_h0959
590 _aBATCH-UPD
_b10
_c20130410
_lUCH01
_h0611
590 _aBATCH-UPD
_b10
_c20130914
_lUCH01
_h0820
590 _aCONVERSION
_b10
_c20130109
_lUCH01
_h1356
650 1 4 _aDesarrollo económico.
650 1 4 _aDesarrollo social.
650 1 4 _aGlobalización.
_948300
650 1 4 _aMacroeconomía.
_969550
650 1 4 _aNeoliberalismo.
_980855
901 _aBK
942 _cLIBRO
949 _a320.510972 C13
_bBC
_cLIBRO
_d33724002242603
_eLIBRO
_h115161
_i113109
_sb
999 _c101449
_d101449